Estadísticas para Ciudades y países

Haz click aquí para intentar la prueba.

Estadísticas generales

  • Esta prueba ha sido intentada 49 veces
  • La puntuación promedio es 13 de 15

Estadísticas de respuestas

PistaRespuesta% Correcto
ChicagoEstados Unidos
100%
NápolesItalia
100%
ManchesterReino Unido
100%
EstambulTurquia
100%
CaliColombia
98%
BombayIndia
95%
San PetersburgoRusia
95%
OaxacaMéxico
86%
GuayaquilEcuador
83%
AlejandríaEgipto
83%
AmberesBélgica
79%
FezMarruecos
62%
AlepoSiria
62%
DurbanSudáfrica
60%
MedinaArabia Saudita
55%

Distribución de puntuación

Porcentaje por número respondido

Porcentaje de gente con cada puntuación

Historial de tus puntuaciones

No has intentado esta prueba.